Statistics for SZA - Gone Girl (All Lyrics)

Click here to take the quiz!

General Stats

  • This quiz has been taken 9 times
  • The average score is 227 of 319

Answer Stats

Answer% Correct
girl
100%
girl,
100%
go
100%
gone,
100%
Gone,
100%
gone
100%
Gone
100%
how
100%
I
100%
you
100%
You
100%
a
88%
better
88%
face
88%
it
88%
She
88%
she's
88%
She's
88%
to
88%
learn
75%
my
75%
on
75%
On
75%
the
75%
all
63%
And
63%
and
63%
around
63%
Birthin'
63%
bitches
63%
Boy
63%
boy,
63%
Don't
63%
escape
63%
further
63%
her
63%
in
63%
it's
63%
just
63%
less
63%
losin'
63%
me
63%
me,
63%
more
63%
need
63%
Never
63%
no
63%
not
63%
okay
63%
one
63%
security
63%
space
63%
Squeezin'
63%
there's
63%
third
63%
tight,
63%
too
63%
touch,
63%
trimester
63%
voices,
63%
when
63%
your
63%
you're
63%
ain't
50%
beside
50%
'bout
50%
chasing,
50%
climate
50%
climbin'
50%
damage
50%
decide
50%
erase,
50%
eyes
50%
eyes,
50%
forward,
50%
Get
50%
hard
50%
here
50%
lay
50%
live
50%
process
50%
regress
50%
replace
50%
scrutiny
50%
Straight
50%
talkin'
50%
tell
50%
they
50%
with
50%
care
38%
deeper
38%
demons,
38%
digest
38%
drown
38%
find
38%
grow
38%
hating
38%
like
38%
lyin'
38%
matter
38%
meaning
38%
memories
38%
mind,
38%
nobody
38%
nonsense
38%
Pretending
38%
rewind
38%
Shift
38%
Split
38%
tried
38%
Tryna
38%
without
38%
anticipating
25%
Can't
25%
digress
25%
I'm
25%
Inward
25%
of
25%
Still
25%
think,
25%
time
25%
worst
25%
yet
25%
Hate
13%
Out
13%
repeating,
13%
side
13%
sight
13%
Tired
13%
high
0%
off
0%

Score Distribution

Percentile by Number Answered

Percent of People with Each Score

Your Score History

You have not taken this quiz